Visualizzazione normale
Vista MARC
- Coccia Benedetto, Pittau Franco (a cura di)
di Personal Name
Records bibliografici associati: 1
001 - CONTROL NUMBER
- control field: 56112
003 - CONTROL NUMBER IDENTIFIER
- control field: IT-RoPau
005 - DATE AND TIME OF LATEST TRANSACTION
- control field: 20161222152015.0
008 - FIXED-LENGTH DATA ELEMENTS
- fixed length control field: 161222|| aca||aabn | a|a d
040 ## - CATALOGING SOURCE
- Original cataloging agency: IT-RoPau
- Transcribing agency: IT-RoPau
100 ## - HEADING--PERSONAL NAME
- Personal name: Coccia Benedetto, Pittau Franco (a cura di)
670 ## - SOURCE DATA FOUND
- Source citation: Work cat.: (IT-RoPau): Coccia Benedetto, Pittau Franco (a cura di), Le migrazioni qualificate in Italia, 2016